00459nam a2200145Ia 4500008004100000100002100041245009700062245002100159260004700180260000900227300002500236500000900261650002300270650002000293170224s9999 xx 000 0 und d aJustin A. Walden aIntegrating Social Media Into the Workplace: A Study of Shifting Technology Use Repertoires  cJustin A. Walden bJournal of Broadcasting & Electronic Media cJune a60:2, Pages: 347-363 aJune xCommunication Arts xMultimedia Arts